| 000 | 00804nam a2200241Ia 4500 | ||
|---|---|---|---|
| 003 | OSt | ||
| 005 | 20260310123059.0 | ||
| 008 | 210716s2006 xx 000 0 und d | ||
| 020 | _a817194390X | ||
| 040 | _cAIMIT LIBRARY | ||
| 041 | _aeng | ||
| 082 |
_a336.294 _bSINV |
||
| 100 |
_aSinghania, Vinod K. _9258413 |
||
| 245 |
_aTaxmann's direct taxes : _blaw and practice / _cBy Vinod K. Singhania and Kapil Singhania. |
||
| 250 | _a34th ed. | ||
| 260 |
_aNew Delhi : _bTaxmann Publications Pvt Ltd , _c2006. |
||
| 300 |
_axxiii,370.5,7.13-6 p.; _bPB _c23.5 cm. |
||
| 440 |
_aAssessment year2005-06 _9258414 |
||
| 650 |
_aProfit and gains of business or problems _9258415 |
||
| 650 |
_aIncome from other sources _9258416 |
||
| 700 |
_aSinghania, Kapil. _9258417 |
||
| 942 |
_2ddc _cBK _e34 _k336.294 SINV |
||
| 999 |
_c199822 _d199822 |
||